Evaluating the accuracy of directional felling technique

Bibliographic Details
Main Author: Nazri bin Husin
Format: Book
Published: Serdang, Selangor : Universiti Pertanian Malaysia , 2010
Subjects:

MARC

LEADER 00000cam a2200000 7i4500
001 0000003842
005 20110722.0
090 0 0 |a R THE 634.92   |b NAZ 2010 
100 0 0 |a Nazri bin Husin 
245 0 0 |a Evaluating the accuracy of directional felling technique   |c by Nazri bin Husin 
260 0 0 |a Serdang, Selangor :   |b Universiti Pertanian Malaysia ,   |c 2010 
300 |a xi, 50 p. :   |b .ill ;   |c 30 cm. 
500 0 0 |a Bibliography : p. 46 
500 0 0 |a Thesis: Bac. of Forestry Science, Universiti Pertanian Malaysia (2010) 
650 0 0 |a Felling technique 
998 |a JPSM 
999 |a 007658   |b Thesis   |c Reference   |e Default branch